000 00387 a2200121 4500
001 ART_51760
005 20260410162008.0
008 260409a
245 1 0 _aLos nuevos aires que se respiran en el derecho
100 1 _aFossaceca, Carlos Alberto (h)
700 1 _aLópez Poletti, Fátima
773 0 _tTemas de derecho civil
_g- Año 6, N° 12 (dic. 2020)
_wREV34778
999 _c31926
_d31926